| 000 | 00365nam a2200157Ia 4500 | ||
|---|---|---|---|
| 008 | 221030s9999 xx 000 0 und d | ||
| 020 | _a8189093932 | ||
| 041 | _aEnglish | ||
| 082 | _a105.23 | ||
| 100 | _aR. Hills | ||
| 245 | 4 | _aThe Art of Effective Letter Writing | |
| 260 |
_bLotus Press _aNew Delhi _c2007 |
||
| 300 | _a192 | ||
| 650 | _aEnglish | ||
| 942 | _cBK | ||
| 999 |
_c5846 _d5846 |
||